00554 2200205 4500001002100000008004100021035002000062245005400082110001900136250001000155260004000165300002600205020002200231084001200253520002500265082000800290650002600298990001200324990001200336INLIS000000000015330 ind  a0010-1222000409 a1001 Jurus Sukses Para Tokoh DuniacTeam Teranova aTEAM, Teranova acet.2 aYogyakarta :bTeranova Books,c2021 a85 hal.: ilus.c21 cm a978-602-97916-1-7 a920 SER aBibliografi : hal.85 a920 aBIOGRAFI. TOKOH DUNIA a10041 a a10041 b